Normal view
MARC view
Entry Personal Name
001 - CONTROL NUMBER
- control field: 734848
003 - CONTROL NUMBER IDENTIFIER
- control field: OSt
005 - DATE AND TIME OF LATEST TRANSACTION
- control field: 20250127153503.0
008 - FIXED-LENGTH DATA ELEMENTS
- fixed length control field: 250127|| aca||aabn | a|a d
040 ## - CATALOGING SOURCE
- Original cataloging agency: OSt
- Transcribing agency: OSt
100 ## - HEADING--PERSONAL NAME
- Personal name: Choudhary, Kameshwar (Editor)
670 ## - SOURCE DATA FOUND
- Source citation: Work cat.: (OSt)1238274: Culture change in India:, 2024
